000 00655nam a2200217Ia 4500
003 GCL
008 140319s9999 xx 000 0 ara d
040 _aGCL /
_cGCL
082 0 4 _a371.33
_bز ت
100 1 _aزاهر احمد
245 1 0 _aتكنولوجيا التعليم /
_cزاهر احمد
300 _a551 ص
490 _a
650 0 4 _aالتعليم
650 0 4 _aالوسائل التعليمية
650 0 4 _aالوسائل السمعية والبصرية
650 0 4 _aالتعليم - وسائل سمعية و بصرية
650 0 4 _aالتعليم - فلسفة
650 0 4 _aالتقويم التربوى
942 _2ddc
_cBK
999 _c48186
_d48186